| 000 | 00856nam a22002177a 4500 | ||
|---|---|---|---|
| 999 |
_c16306 _d16306 |
||
| 003 | AR-CdUCM | ||
| 008 | 190503b ||||| |||| 00| 0 spa d | ||
| 040 |
_aMUNICIPALIDAD PROVINCIAL DEL CUSCO _cBIBLIOTECA MUNICIPAL DEL CUSCO |
||
| 082 |
_a828.8 / _bC286 |
||
| 100 |
_aCarlyle, Tomás _935675 |
||
| 245 |
_aLos Héroes y la revolución francesa : _bcon dibujos de Juan María de Castellar y cinco ilustraciones en papel couché fuera de texto / |
||
| 260 |
_aBarcelona : _bMateu, _c1965. |
||
| 300 |
_a188 páginas ; _bIlustraciones, _c17 cm. |
||
| 440 |
_aLibros condensados _n11 _935676 |
||
| 505 | _aContenido: Los héroes -- Odín. Paganismo -- Mahoma. El Islam -- Dante. Shakespeare... | ||
| 650 |
_aRevolución francesa _91606 |
||
| 650 |
_aHéroes _91336 |
||
| 650 |
_aLa constitución _935677 |
||
| 942 |
_2ddc _cLIBROS |
||
| 945 |
_adavv _d03/05/2019 |
||